Taller de dibuixos animats / autors: Germano Bozzelli, Héctor Duarte, Montserrat Navarro Germano Bozzelli, Héctor Duarte, Montserrat Navarro
Descripción Física:
64 f. ; 30 cm
MARC
| LEADER | 00000nam a2200000Ia 4500 | ||
|---|---|---|---|
| 001 | 2007 | ||
| 008 | 160829s9999 xx 000 0 cat d | ||
| 080 | |a E-1-15 | ||
| 100 | |a Bozzelli, Germano |9 34050 | ||
| 245 | |a Taller de dibuixos animats / autors: |b Germano Bozzelli, Héctor Duarte, Montserrat Navarro | ||
| 260 | |a Barcelona : |b Diputació de Barcelona. Servei d'Ensenyament i Investigació, [198 - ?] | ||
| 300 | |a 64 f. ; |c 30 cm | ||
| 650 | |a Dibuixos animats |9 35805 | ||
| 650 | |a Ensenyament audiovisual |9 34047 | ||
| 700 | |a Duarte, Héctor |9 35806 | ||
| 700 | |a Navarro, Montserrat |9 34049 | ||
| 710 | 1 | |a Barcelona (Catalunya : Província). |b Servei d'Ensenyament i Investigació |9 54366 | |
| 901 | |a Arxiu | ||
| 942 | |n 1 | ||
| 952 | |0 0 |1 0 |4 0 |6 E115 |7 1 |9 47078 |a Arxiu |b Arxiu |d 2016-12-01 |l 0 |o E-1-15 |p 2007 |r 2016-12-01 00:00:00 |w 2016-12-01 |y ARXIU | ||
| 999 | |c 50872 |d 50872 | ||